000 00913nas a2200265 4500
001 BR8601230
003 BR-BrBNA
005 20231205090352.0
007 ta
008 230509b bl.|||p| |||| 00| 00por d
040 _aBR-BrBNA
_bpor
_cBiblioteca Nacional de Agricultura
041 _a(Pt)
072 _aE16
100 1 _aAlmeida, L.A.S.B. de
100 1 _aBicudo Neto, L. de C.
100 1 _aMoretti, V.A.
100 1 _aGasparino Filho, J.
245 1 _aSorgo sacarino: custo de producao em pequenas propriedades agricolas
246 1 _aSaccharine sorghum: production cost in small agricultural properties
650 _aSORGO ACUCAREIRO
650 _aCUSTO DE PRODUCAO
773 0 _tBoletim da Sociedade Brasileira de Ciencia e Tecnologia de Alimentos (Brazil)
_xISSN 0101-3637
_g(Oct-Dec 1985), v. 19(4) p. 264-291
_wBR8601230
909 _a202311
_bLúcia
_c55
_dLúcia Elande
942 _2AGRIS
_n0
_cANA
999 _c117941
_d117941